Siete motivos para no quererte / (Registro nro. 2579)

Detalles MARC
000 -LEADER
fixed length control field 01494nam a2200205 a 4500
008 - CAMPO DE CONTROL (LIBRO)
fixed length control field 171114e2016 ag ||||| |||| 00| f spa d
020 ## - INTERNATIONAL STANDARD BOOK NUMBER
ISBN 9789506443672
041 ## - CODIGO DE IDIOMA
Código de idioma del texto/pista de sonido o título separado spa
092 ## - SIGNATURA TOPOGRAFICA DEWEY LOCAL
número de clasificación 808
libristica 8
sección BOR
100 1# - ENTRADA PRINCIPAL--NOMBRE PERSONAL
Nombre personal Border, Maria
9 (RLIN) 3379
245 ## - TITULO PROPIAMENTE DICHO
Título Siete motivos para no quererte /
Mención de responsabilidad y remanente de la transcripción de la portada Maria Border
250 ## - MENCION DE EDICION
Mención de edición 1a ed.
260 ## - PIE DE IMPRENTA
Lugar de publicación, distribución, etc Buenos Aires:
Nombre de la editorial, distribuidor, etc Plaza & Janes;
Fecha de publicación 2016.
300 ## - DESCRIPCION FISICA
Extension 278 p.
500 ## - NOTA GENERAL
Nota general Border, M. (2016). Siete motivos para no quererte. (1a ed.). Buenos Aires : Plaza & Janes.
505 ## - NOTA DE CONTENIDO
Nota de contenido formateada Un hombre dispuesto a todo con tal de vengarse. Una mujer envuelta en una trama que podría destruirla. Siete motivos para que sea imposible. Siete razones para revertir. Siete besos hacia la esperanza. Ella es una fotógrafa profesional, amante de las causas nobles. Él, un empresario que quiere vengas el destino de su padre. En bancarrota y responsable de la inmobiliaria que heredó, Gabriela acepta la oferta de Adrián para cubrir sus deudas. pero desde el comienzo comprende que deberá saldar el préstamo con intereses. Obsesionado con su venganza, la toma como único blanco de su odio, obligándola a trabajar para su empresa, sometiéndola a una y mil humillaciones. Sin embargo, el contacto cotidiano los enfrentará a un sentimiento que desconocían y nacerá entre ellos un amor inesperado. ¿Podrá él dejar atrás su rencor? ¿Podrá ella perdonar su hostilidad?
590 ## - NOTAS LOCALES (RLIN)
Nota local DONACION VERONICA ARIAS NOV/2017
655 ## - MATERIA - GENERO/FORMA
Género/Forma Literatura
-- 2917
942 ## - ADDED ENTRY ELEMENTS (KOHA)
Source of classification or shelving scheme Dewey Decimal Classification
Item type LITERATURA
Existencias
Estado de retiro Existencia Fuente de clasificación Estado general No para prestamo Ubicación permanente ubicación actual Sala de ubicación Fecha de adquisición Fuente de adquisición Total Checkouts Número de clasificación Código de barras Date last seen Número de ejemplar Price effective from Koha tipo de elemento (item) Public note
    Dewey Decimal Classification     Biblioteca Medicina Biblioteca Medicina Circulación 14/11/2017 Donacion   808;8;BOR 4042 14/11/2017 Ej. 1 14/11/2017 LITERATURA DONACION VERONICA ARIAS NOV/2017

UNIVERSIDAD NACIONAL DEL COMAHUE
Biblioteca de la Facultad de Ciencias Médicas
Sede Toschi: Los Arrayanes y Av. Toschi, Cipolletti  - Rio Negro
Sede Los Tordos:  Yrigoyen al 2211, Cipolletti - Rio Negro 

Teléfono: 0299 - 4774707 int 25
Contacto: biblioteca@facimed.uncoma.edu.ar
© 2011 - 2026